Directing the ERP implementation : (Record no. 22147)
[ view plain ]
| 000 -LEADER | |
|---|---|
| fixed length control field | 01211cam a22003015a 4500 |
| 001 - CONTROL NUMBER | |
| control field | ssj0001503781 |
| 003 - CONTROL NUMBER IDENTIFIER | |
| control field | WaSeSS |
| 005 - DATE AND TIME OF LATEST TRANSACTION | |
| control field | 20160810100856.0 |
| 006 - FIXED-LENGTH DATA ELEMENTS--ADDITIONAL MATERIAL CHARACTERISTICS--GENERAL INFORMATION | |
| fixed length control field | m d |
| 007 - PHYSICAL DESCRIPTION FIXED FIELD--GENERAL INFORMATION | |
| fixed length control field | cr n |
| 008 - FIXED-LENGTH DATA ELEMENTS--GENERAL INFORMATION | |
| fixed length control field | 150415s2015 flua fr 001 0 eng d |
| 020 ## - INTERNATIONAL STANDARD BOOK NUMBER | |
| International Standard Book Number | 9781482248418 |
| 020 ## - INTERNATIONAL STANDARD BOOK NUMBER | |
| International Standard Book Number | 1482248417 |
| 040 ## - CATALOGING SOURCE | |
| Original cataloging agency | CaPaEBR |
| Language of cataloging | eng |
| Transcribing agency | CaPaEBR |
| Modifying agency | EG-ScBUE |
| Description conventions | pn |
| 082 04 - DEWEY DECIMAL CLASSIFICATION NUMBER | |
| Edition number | 22 |
| Classification number | 658.4012 |
| Item number | PEL |
| 100 1# - MAIN ENTRY--PERSONAL NAME | |
| Personal name | Pelphrey, Michael W. |
| 9 (RLIN) | 40699 |
| 245 10 - TITLE STATEMENT | |
| Title | Directing the ERP implementation : |
| Remainder of title | a best practice guide to avoiding program failure traps while tuning system performance / |
| Statement of responsibility, etc | Michael W. Pelphrey. |
| 260 ## - PUBLICATION, DISTRIBUTION, ETC. (IMPRINT) | |
| Place of publication, distribution, etc | Boca Raton, Florida ; |
| Name of publisher, distributor, etc | CRC Press / Taylor & Francis Group, LLC, |
| Date of publication, distribution, etc | c.2015. |
| 300 ## - PHYSICAL DESCRIPTION | |
| Extent | xxix, 350 p. : |
| Other physical details | ill. ; |
| Dimensions | 24 cm. |
| 490 0# - Series Statement | |
| Series statement | Series on Resource Management |
| 500 ## - GENERAL NOTE | |
| General note | Index : p. 341-350. |
| 505 ## - FORMATTED CONTENTS NOTE | |
| Formatted contents note | Section 1. Planning and preparing for enterprise resource planning success -- section 2. Foundational principles, tools, and standards -- section 3. Project monitoring and deployment. |
| 650 #7 - SUBJECT ADDED ENTRY--TOPICAL TERM | |
| Topical term or geographic name as entry element | Enterprise resource planning. |
| Source of heading or term | BUEsh |
| 9 (RLIN) | 40700 |
| 650 #7 - SUBJECT ADDED ENTRY--TOPICAL TERM | |
| Topical term or geographic name as entry element | Project management. |
| 9 (RLIN) | 11664 |
| Source of heading or term | BUEsh |
| 651 ## - SUBJECT ADDED ENTRY--GEOGRAPHIC NAME | |
| Source of heading or term | BUEsh |
| 653 ## - INDEX TERM--UNCONTROLLED | |
| Resource For college | BAEPS, Business Administration |
| Arrived date list | August 2016 |
| 942 ## - ADDED ENTRY ELEMENTS (KOHA) | |
| Source of classification or shelving scheme | Dewey Decimal Classification |
| Edition | 22 |
| Call number prefix | 658.4012 PEL |
| Withdrawn status | Item status | Source of classification or shelving scheme | Damaged status | Not for loan | Vendor | Home library | Current library | Shelving location | Date acquired | Source of acquisition | Cost, normal purchase price | Serial Enumeration / chronology | Total Checkouts | Total Renewals | Full call number | Barcode | Checked out | Date last seen | Date last borrowed | Cost, replacement price | Koha item type |
|---|---|---|---|---|---|---|---|---|---|---|---|---|---|---|---|---|---|---|---|---|---|
| Dewey Decimal Classification | Baccah | Central Library | Central Library | First floor | 10/08/2016 | Purchase | 870.00 | 25846 | 2 | 1 | 658.4012 PEL | 000033137 | 01/10/2022 | 30/08/2022 | 30/08/2022 | 1087.50 | Book - Borrowing |